Alice nos país da mentira. (Record no. 156057)

MARC details
000 -LÍDER
campo de controle de tamanho fixo 00350 a2200145 4500
001 - NÚMERO DE CONTROLE
campo de controle 156057
040 ## - FONTE DA CATALOGAÇÃO
Instituição que transcreveu o registro Escola São Tomás de Aquino
100 ## - ENTRADA PRINCIPAL--NOME PESSOAL
Nome pessoal BANDEIRA, Pedro
240 10 - TÍTULO UNIFORME
Título uniforme Alice nos país da mentira.
Idioma da obra por
245 10 - TÍTULO
Título Alice nos país da mentira.
300 ## - DESCRIÇÃO FÍSICA
Extensão 112
362 0# - DATAS DE PUBLICAÇÃO E/OU DESIGNAÇÃO SEQUENCIAL
Datas de publicação e/ou designação sequencial 2016
697 ## - ENTRADA DE ASSUNTO LOCAL--ENTIDADE COLETIVA (RLIN)
Nome corporativo ou nome da jurisdição *LITERATURA INFANTO JUVENIL
942 ## - ELEMENTOS DE ENTRADA ADICIONADOS (KOHA)
Tipo de material Koha Livros
Holdings
Situação do descarte Situação das perdas Situação física Não pode ser emprestado Biblioteca de origem Biblioteca atual Data de aquisição Total de empréstimos Número de chamada completo Código de barras Data de último acesso Data do último empréstimo Data do preço efetivo Tipo de material Koha
        ESTA - SÃO BENTO ESTA - SÃO BENTO 30/04/2024 1 028.53 BAN ALI EST00010147 14/05/2024 06/05/2024 30/04/2024 Livros